00680nam a2200169 a 4500001001000000005001700010008004100027041000800068044000700076050002100083245021800104260004600322300004300368500000900411651004700420651004300467BRCA_515920190320204950.0900206s1875 mx-ac#####---#000-0#spa-# aspa amx 4aF1231b.P65 187510aPolémica entre el Diario oficial y la Colonia española sobre la administración virreinal en Nueva-España y la colonización en Méxicobcopia de todos los incidentes a que dicha polémica ha dado lugar. aMéxicobHospicio de San Nicolásc1875 a2 v.bil., láminas, retratosc21 cm. aDD62 4aMéxicoxPolítica y gobiernoy1821-1861 4aMéxicoxHistoriayColonia, 1521-1821